00841cam a2200241u 450000100060000000300080000600500170001400800390003103500190007004000330008904100080012208200150013010000440014524500490018926000390023830000210027765000290029865100600032770000410038794200120042899900170044095201420045721876BD-RjUL20211209000735.0140305s1898 mau 000 0 eng a(BD-RjUL)21941 aDLCcCarPdDLCdBD-RjULbeng aeng a843.7bBAC1 aBalzac, Honoré de,d1799-1850.96754014aThe Chouans /c Honoré de,BalzacnVolume I aBoston :bRoberts brothers,c1898. a491 p. ;c19 cm. 0aChouansvFiction.967541 0aFrancexHistoryyRevolution, 1789-1799vFiction.9618531 aWormeley, Katharine Prescott.967542 2ddccBK c21876d21876 00102ddc40728FICaRUCLbRUCLcReadingd1956-11-20eBlack wellg53.00l0o843.7 BAC V-1 1898r2014-03-05 00:00:00tC-1w2021-12-09yBK